Statistiques concernant Culture Générale - Série 1406

Cliquez ici pour prendre le quiz!

Statistiques générales

  • Ce quiz a été pris 61 fois
  • Le résultat moyen est 4 sur 10

Statistiques - réponses

QuestionRéponse% Correct
Quelle ville française portait autrefois le nom de "Tolosa" ?Toulouse
95%
Quelle est la spécialité de Die, ville de la Drôme ?clairette
67%
Quel genre de jeu est le canasta ?jeu de cartes
67%
Comment appelle-t-on le petit du paon ?paonneau
42%
Dans quel pays est situé le désert de Néguev ?Israël
37%
Quel genre d'outil est le têtu ?marteau
35%
Le 13 août 1792, dans quelle prison Louis XVI et sa famille ont-ils été enfermé ?prison du Temple
25%
Sous quel pseudonyme connait-on mieux le chanteur français Daniel Cohen ?Dany Brillant
16%
Quelle est la capitale de l'état de Curaçao situé dans les antilles néerlandaises ?Willemstad
9%
Coiffe féminine conique en forme de pain de sucre qui fit son apparition en France au Moyen Âgehennin
9%

Distribution des résultats

Percentile par nombre de réponses

% des personnes avec chaque résultat

Votre développement - résultats

Vous n’avez pas pris ce quiz